000 00975nam0a2200289 4500
001 RU\NLR\bibl\1435520
005 20260406123640.0
010 _a978-5-17-041695-0
_bАСТ
010 _a978-5-9713-4083-6
_bАСТ Москва
_91500
021 _aRU
_b2009-74253
_94624
035 _a(NLR Aleph) 001427401
090 _a1380960
_c1380960
100 _a20091110d2009 |||y0rusy50 ca
101 1 _arus
_ceng
102 _aRU
105 _ay |||||||||
200 1 _aЗеленая миля
_e[роман]
_fСтивен Кинг
_g[пер. с англ. В. А. Вебера и Д. В. Вебера]
210 _aМосква
_cАСТ
_cАСТ МОСКВА
_d2009
215 _a381, [2] с.
_d20
686 _aШ6(7США)67-445{Лх1979-62}
700 1 _4070
_7ca
_8rus
_aКинг
_bС.
_f1947-
_gСтивен
_3RU\NLR\AUTH\77848
_9110885
801 0 _aRU
_bNLR
_c20091110
_gRCR
801 1 _aRU
_bNLR
_c20091110
942 _cBOOK
980 _aNB